Most Desired Destinations for Potential Migrants - Statistics

General Stats
  • This quiz has been taken 50,131 times
  • The average score is 12 of 15
Answer Stats
# Country % Correct
150 mil United States
100%
32 mil France
98%
45 mil United Kingdom
98%
26 mil Germany
97%
42 mil Canada
96%
25 mil Spain
95%
18 mil Italy
93%
26 mil Australia
91%
12 mil Japan
87%
6 mil Sweden
85%
6 mil Russia
82%
9 mil Switzerland
69%
8 mil South Africa
55%
13 mil United Arab Emirates
50%
31 mil Saudi Arabia
48%
No matching quizzes found
Score Distribution
Percent of People with Each Score
Percentile by Number Answered
Your Score History
You have not taken this quiz